000 00260nam a2200109 a 4500
008 110104s1962|||| d
245 1 0 _aSpomienky na V.I. Lenina 3.diel
260 _bSVPL
_aBratislava
_c1962
020 _c17,50
041 _aslo
044 _axo
_cSK
999 _c15479
_d15479